Indic names: a documentation list (Record no. 15546)

MARC details
000 -LEADER
fixed length control field 00447nam a2200169Ia 4500
082 ## - DEWEY DECIMAL CLASSIFICATION NUMBER
Classification number 025.322 KOU-;
100 ## - MAIN ENTRY--AUTHOR NAME
Personal name Koul, R.K.
245 #0 - TITLE STATEMENT
Title Indic names: a documentation list
260 ## - PUBLICATION, DISTRIBUTION, ETC. (IMPRINT)
Place of publication New Delhi
Name of publisher Seemant Prakashan
Year of publication 1980
300 ## - PHYSICAL DESCRIPTION
Number of Pages 104p.
650 ## - SUBJECT ADDED ENTRY--TOPICAL TERM
Topical Term Library science
650 ## - SUBJECT ADDED ENTRY--TOPICAL TERM
Topical Term Names, Indian - Indexes
650 ## - SUBJECT ADDED ENTRY--TOPICAL TERM
Topical Term India - Abstracting and indexing
650 ## - SUBJECT ADDED ENTRY--TOPICAL TERM
Topical Term Classification, Colon
650 ## - SUBJECT ADDED ENTRY--TOPICAL TERM
Topical Term Library education
942 ## - ADDED ENTRY ELEMENTS (KOHA)
Koha item type Books
Holdings
Withdrawn status Lost status Damaged status Not for loan Home library Current library Date acquired Bill Date Full call number Accession Number Price effective from Koha item type
        NASSDOC Library NASSDOC Library 08/06/2004 2004-10-22 025.322 KOU-; 15034 18/04/2019 Books